000
00284nam a22001337a 4500
008
170301b xxu||||| |||| 00| 0 eng d
020
_a
9780443066207
041
_a
eng
080
_a
61
100
_a
6
101
_a
shm
245
_a
VASCULAR ANETHESIA
_c
KAPLAN.J.A
942
_2
udc
_c
BK
999
_c
6520
_d
6520